Развитие технологий адаптивного управления в SCADA в системе TRACE MODE; Приборы и системы. Управление, контроль, диагностика; № 1

Bibliografiske detaljer
Parent link:Приборы и системы. Управление, контроль, диагностика: научно-технический и производственный журнал.— , 2000-
№ 1.— 2002.— С. 28-33
Hovedforfatter: Мазуров В. М.
Andre forfattere: Литюга А. В., Спицын А. В.
Sprog:russisk
Udgivet: 2002
Serier:Атомная промышленность. Высокие технологии.
Fag:
Format: MixedMaterials Book Chapter
KOHA link:https://koha.lib.tpu.ru/cgi-bin/koha/opac-detail.pl?biblionumber=380920

MARC

LEADER 00000naa2a2200000 4500
001 380920
005 20231101062744.0
035 |a (RuTPU)RU\TPU\prd\2885 
090 |a 380920 
100 |a 20020409a2002 k y0rusy50 ca 
101 0 |a rus 
102 |a RU 
200 1 |a Развитие технологий адаптивного управления в SCADA в системе TRACE MODE  |f В. М. Мазуров, А. В. Литюга, А. В. Спицын 
225 1 |a Атомная промышленность. Высокие технологии. 
320 |a Библиогр.: 2 назв. 
461 1 |0 (RuTPU)RU\TPU\prd\1687  |t Приборы и системы. Управление, контроль, диагностика  |o научно-технический и производственный журнал  |d 2000- 
463 1 |0 (RuTPU)RU\TPU\prd\2116  |t № 1  |v С. 28-33  |d 2002 
610 1 |a адаптивное управление 
610 1 |a алгоритмы 
610 1 |a регулирование 
610 1 |a самонастройка 
610 1 |a системы управления 
700 1 |a Мазуров  |b В. М. 
701 1 |a Литюга  |b А. В. 
701 1 |a Спицын  |b А. В. 
801 1 |a RU  |b 63413507  |c 20020409  |g PSBO 
801 2 |a RU  |b 63413507  |c 20121008  |g PSBO 
942 |c BK